1285 1071 1746 1058 1956 1882 1976 1132 1907 1409 1926 1917 1672 1502 1221 1091 1137 1441 1339 1493 1971 1607 1067 1212 1478 1346 1189 1402 1124 1354 1310 1853 1608 1331 1794 1241 1199 1712 1588 1240 1544 1469 1849 1596 1776 1318 1394 1533 1464 1950 1689 1022 1039 1153 1658 1692 1981 1935 1031 1801 1480 1892 1290 1877 1289 1012 1018 1865 1770 1684 1412 1629 1537 1221 1093 1376 1142 1448 1693 1186 1151 1960 1235 1227 1842 1432 1288 1646 1624 1394 1890 1291 1038 1464 1063 1714 1850 1384 1496 BCNSPRNW ULIB Ver.6.0+V

เปลี่ยนเป็นภาษาไทย

Change to English
 แสดงรายละเอียดบรรณานุกรม
  กลับหน้าหลัก

Brief Record : Get Marc (ISO 2709) : E-mail record : QR code < ปิดหน้าต่าง
LEADER : 00000nas 2200000uu 4500
001    13399114640
003     ULIB
008    120425s||||||||th 000 0 tha d
022    ^a16869494
110    ^aโรงพยาบาลศูนย์/โรงพยาบาลทั่วไป
245    ^aวารสารวิชาการ เขต 4
260    ^aโรงพยาบาล :^b,^cม.ป.ป.
310    ^aราย 4 เดือน
850    ^aฉบับที่ 3 ปีที่ 13 ;ฉบับที่ 1 ปีที่ 14
945    ^p0^l0^i800108
945    ^p0^l0^i800179
999    ^aใช้งานได้ทุกระบบ
รายการนี้ยังไม่มีแท็ก
คุณยังไม่ได้ล็อกอิน คุณสามารถมีกิจกรรมร่วมกับเว็บไซต์ได้ แต่ต้องล็อกอินก่อน ::
  ล็อกอิน

รายการสื่อสารสนเทศ (วารสาร)

ดูแบบ: กล่อง รายการ
ARRIVED
no call number
สถานที่: ห้องสมุดวิทยาเขตสวรรค์ประชารักษ์ >วารสาร

BibComment


ยังไม่เคยถูกคอมเมนท์

คอมเมนท์ทรัพยากรรายการนี้
  คอมเมนท์: วารสารวิชาการ เข..


 Copyright 2026. Bcnsprnw @Library